Linear algebra : an introduction
Saved in:
| Main Author: | |
|---|---|
| Format: | Book |
| Language: | English |
| Published: |
San Diego :
Academic Press,
c1995
|
| Subjects: | |
| Tags: |
Add Tag
No Tags, Be the first to tag this record!
|
MARC
| LEADER | 00000nam a2200000 i 4500 | ||
|---|---|---|---|
| 001 | 1/77809 | ||
| 008 | 990422s1995 eng d | ||
| 020 | |a 0-12-135245-5 | ||
| 035 | |l 10050004 | ||
| 040 | |a GR-MY-UA |b gre |e aacr | ||
| 041 | 0 | |a eng | |
| 082 | 0 | |a 512.5 | |
| 100 | 1 | |a Bronson, Richard. | |
| 245 | 1 | 0 | |a Linear algebra : |b an introduction / |c Richard Bronson |
| 260 | |a San Diego : |b Academic Press, |c c1995 | ||
| 300 | |a xi, 504 p.; |b ill.; |c 24 cm. | ||
| 500 | |a Includes index | ||
| 650 | 0 | 0 | |a Algebras, Linear. |
| 852 | |a INST |b SAMOS |e 19990422 |h 512.5 BRO |p 005300014851 |q 005300014851 |t BK |y 0 | ||
| 901 | |a BIBL-1999-1 | ||
| 909 | |a Σ |b 064691 | ||
| 922 | |a 3ΕΛΗ |b 199803 |c ΚΠΣ |d GLORY | ||
| 950 | |a 116-1998-08-10 | ||